Handbuch des Fachsprachenunterrichts /

Gespeichert in:
Bibliographische Detailangaben
Hauptverfasser: Buhlmann, Rosemarie (Verfasst von), Fearns, Anneliese (Verfasst von)
Format: Buch
Sprache:Deutsch
Veröffentlicht: Berlin : Langenscheidt, 1991
Ausgabe:5.Aufl.
Schlagworte:
Tags: Tag hinzufügen
Keine Tags, Fügen Sie das erste Tag hinzu!

MARC

LEADER 00000nam a22000003a 4500
001 stu2780
005 20150617225616.8
008 921217s1991----gw------------------ger-d
020 |a 3-468-49435-1 
040 |a STU  |b slo 
041 0 |a ger 
044 |a gw 
080 |a 803.0-316.4 
100 1 |a Buhlmann, Rosemarie  |4 aut 
245 1 |a Handbuch des Fachsprachenunterrichts /  |c [aut.] Buhlmann,Rosemarie; Fearns,Anneliese 
250 |a 5.Aufl. 
260 |a Berlin :  |b Langenscheidt,  |c 1991 
300 |a 400 s 
650 7 |a nemčina  |2 stusub 
650 7 |a odborná terminológia  |2 stusub 
700 1 |a Fearns, Anneliese  |4 aut 
996 |b E77693  |c E*77693  |l EE18  |s P  |a 0  |w stu2780_0001